Europe General Knowledge #2 - Statistics

General Stats
  • This quiz has been taken 131 times
  • The average score is 13 of 20
Answer Stats
Hint Answer % Correct
A fictional detective who lives on Baker Street in London Sherlock Holmes
96%
What river flows through Vienna, Bratislava, Budapest, and Belgrade? Danube
92%
The second oldest university in the world University of Oxford
91%
Roman combatants who fought animals or each other for people's entertainment Gladiators
88%
George Orwell's dystopian novel Nineteen Eighty-Four
85%
In what city were held the Summer Olympic Games in 1896? Athens
84%
Spanish general and the dictator of Spain (from 1939 to 1975) Francisco Franco
77%
An isolated language spoken in a region in Spain and France Basque
76%
The first artificial Earth satellite launched on 4 October 1957 Sputnik 1
76%
Napoléon Bonaparte's birthplace Ajaccio, Corsica
74%
A citizen of Moscow Muscovite
70%
A sea between Greece and Turkey Aegean Sea
69%
Whose motto was "one for all, all for one"? The Three Musketeers
66%
What peninsula does Denmark lie on? Jutland
59%
P. I. Tchaikovsky's ballet that features the characters of Odette, Odile, and Rothbart? Swan Lake
55%
Where can you find barbary macaques, the only wild monkeys in Europe? Gibraltar
51%
Édith Gassion's nickname which meant "sparrow" and referred to her small height Édith Piaf
33%
Who abducted Europa in the guise of a bull? Zeus
32%
A monarch whose nickname was "Sisi" Empress Elisabeth of Austria
29%
The oldest university in the world University of Bologna
25%
No matching quizzes found
Score Distribution
Percent of People with Each Score
Percentile by Number Answered
Your Score History
You have not taken this quiz